| 000 | 01067nam a22002177a 4500 | ||
|---|---|---|---|
| 999 |
_c1622 _d1622 |
||
| 003 | AR-CdUCM | ||
| 008 | 190227b ||||| |||| 00| 0 spa d | ||
| 020 | _a84-8387-025-6 | ||
| 040 |
_aMUNICIPALIDAD PROVINCIAL DEL CUSCO _cBIBLIOTECA MUNICIPAL DEL CUSCO |
||
| 082 |
_a338.98 / _bH96 |
||
| 100 |
_aHurtado Galván, Laura _96062 |
||
| 245 |
_aDesarrollo desde arriba y desde abajo : _bInformación, documentación y comunicación en las Ongs de América Latina / |
||
| 260 |
_aCusco : _bCentro de Estudios Regionales Andinos "Bartolomé de las Casas", _c1995. |
||
| 300 |
_a397 paginas ; _c21 cm. |
||
| 505 | _aHerencias y rupturas -- Información desde arriba y desde abajo -- Información, desarrollo y espacio democrático -- Democratización, información y comunicación: La gestión de alternex por ibase -- El auto aprendizaje de los cendocs de las ongs ... | ||
| 650 |
_aServicios de información _96063 |
||
| 650 |
_aOrganizaciones no gubernamentales _96064 |
||
| 650 |
_aServicios de información _96063 |
||
| 942 |
_2ddc _cLIBROS |
||
| 945 |
_arum _d2029-02-27 |
||